00286nam a2200109Ia 4500003000400000008004100004040001600045082002200061245004000083260004200123300001100165GCL140319s9999 xx 000 0 ara d aGCL / cGCL04aمb920.71bم ح10aحياة عمر المختار, ط5 a[S.N] : bدار الجيل ، c1989 a198 ص